000 01241nam a2200301Ia 4500
001 ebr10167471
003 CaPaEBR
006 m u
007 cr cn|||||||||
008 060711s2006 enk sb 001 0 eng d
020 _z1403976120 (hbk.) :
020 _z9781403976123 (hbk.) :
040 _aCaPaEBR
_cCaPaEBR
035 _a(OCoLC)234083868
050 1 4 _aLC191.8.G3
_bB58 2006eb
082 0 4 _a379.4310944
_222
100 1 _aBlessing, Benita.
245 1 4 _aThe antifascist classroom
_h[electronic resource] :
_bdenazification in Soviet-occupied Germany, 1945-1949 /
_cBenita Blessing.
260 _aBasingstoke :
_bPalgrave Macmillan,
_c2006.
300 _axiii, 288 p.
504 _aIncludes bibliographical references and index.
533 _aElectronic reproduction.
_bPalo Alto, Calif. :
_cebrary,
_d2009.
_nAvailable via World Wide Web.
_nAccess may be limited to ebrary affiliated libraries.
650 0 _aEducation and state
_zGermany (East)
650 0 _aEducation
_xSocial aspects
_zGermany (East)
_xHistory.
655 7 _aElectronic books.
_2local
710 2 _aebrary, Inc.
856 4 0 _uhttp://site.ebrary.com/lib/rucke/Doc?id=10167471
_zAn electronic book accessible through the World Wide Web; click to view
999 _c246990
_d246990